000 00409nam a2200169Ia 4500
008 230524s9999 xx 000 0 und d
020 _a818975727X
082 _a4.165
_bMAR
100 _aNikhil Marriwala
_942083
245 0 _aMicroprocessors and Interfacing
250 _a1
260 _aNew Delhi
_bKatson
_c2011
300 _a850p;
500 _aQuantity Number: 1
650 _aComp-Sc
942 _cBK
999 _c56493
_d56493